00939cam a22002895i 450000100090000000300040000900500170001300800410003001000170007102000180008802000150010604000130012104200080013408200190014210000570016124501050021825000190032326400410034230000400038333600210042333700250044433800230046950000380049250400530053065000250058370000410060819181127OSt20210818113654.0160718s2017 caua b 001 0 eng  a 2016948139 a9789353502188 a1337098132 aDLCcDLC apcc a150.287bKAP/P1 aKaplan, Robert M.q(Robert Malcolm),d1947-eauthor.10aPsychological testing :bprinciples, applications, & issues /cRobert M. Kaplan, Dennis P. Saccuzzo. aNinth edition. 1aBelmont :bCengage Learning,c[2017] a752 pages :billustrations ;c24 cm atext2rdacontent aunmediated2rdamedia avolume2rdacarrier aFourth edition published in 2013. aIncludes bibliographical references and indexes. 0aPsychological tests.1 aSaccuzzo, Dennis P.,d1947-eauthor.